Performance measurement in facilities management (Record no. 80738)

MARC details
000 -LEADER
fixed length control field 00981cab a22002055a 4500
001 - CONTROL NUMBER
control field L145225
008 - FIXED-LENGTH DATA ELEMENTS--GENERAL INFORMATION
fixed length control field 080917s2008 xxkad f 000 0 eng d
035 ## - SYSTEM CONTROL NUMBER
System control number (Sirsi) u145225
041 0# - LANGUAGE CODE
Language code of text/sound track or separate title eng
100 1# - MAIN ENTRY--PERSONAL NAME
Personal name Pitt, Michael
245 00 - TITLE STATEMENT
Title Performance measurement in facilities management
Remainder of title driving innovation?
260 ## - PUBLICATION, DISTRIBUTION, ETC.
Date of publication, distribution, etc. 2008
490 #0 - SERIES STATEMENT
Series statement Property Management
Volume/sequential designation 26(4) 2008, 241-254(14)
520 ## - SUMMARY, ETC.
Summary, etc. Examines the state of knowledge of performance measurement in facilities management, especially regarding the concepts underpinning benchmarking in relation to its ability to propel innovation in the industry. Concludes that a fully developed performance management measurement, with benchmarking, can be a useful business management tool in facilities management, whilst acting as a driver in the innovation process.
590 ## - LOCAL NOTE (RLIN)
Local note KA
651 #4 - SUBJECT ADDED ENTRY--GEOGRAPHIC NAME
Geographic name International
690 ## - LOCAL SUBJECT ADDED ENTRY--TOPICAL TERM (OCLC, RLIN)
Topical term or geographic name as entry element MANAGEMENT-QUALITY MANAGEMENT-PERFORMANCE MEASUREMENT
700 1# - ADDED ENTRY--PERSONAL NAME
Personal name Tucker, Matthew
942 ## - ADDED ENTRY ELEMENTS (KOHA)
Suppress in OPAC 0
Holdings
Withdrawn status Lost status Source of classification or shelving scheme Damaged status Not for loan Home library Current library Shelving location Date acquired Total Checkouts Full call number Barcode Date last seen Copy number Price effective from Koha item type
    Dewey Decimal Classification     London London Journal article 17/09/2008   L145225 145225-1001 06/08/2019 1 06/08/2019 Journal article